000 00567nam a2200205 a 4500
001 228
003 CO-ViMGA
008 141112s2004 ck r 000 u spa d
020 _a9580409773
040 _aCO-ViMGA
_bspa
_cCO-ViMGA
082 0 4 _aU863.5 Q84h
100 1 _aQuiroga, Horacio
_911573
245 1 0 _aEl hombre muerto /
_cHoracio Quiroga
260 _aBogotá :
_bNorma,
_c1989
300 _a149, 83 p
490 _aCara y cruz
500 _aEncuadernado con A propósito de Horacio Quiroga y su obra.
650 1 4 _aNOVELA URUGUAYA
_97075
942 _2ddc
_cBK
999 _c12475
_d12475